Terms and concepts of geography / (Record no. 100005)

MARC details
000 -LEADER
fixed length control field 00632nam a22002057a 4500
005 - DATE AND TIME OF LATEST TRANSACTION
control field 20160520122915.0
010 ## - LCCN (DPL NO)
LC control number ENG-115115
020 ## - INTERNATIONAL STANDARD BOOK NUMBER
International Standard Book Number 9789352601646
Terms of availability 395.00
020 ## - INTERNATIONAL STANDARD BOOK NUMBER
International Standard Book Number 9352601645
Terms of availability 395.00
035 ## - SYSTEM CONTROL NUMBER
System control number EN-98647
037 ## - SOURCE OF ACQUISITION
Source of stock number/acquisition DBAD/PUB
082 ## - DEWEY DECIMAL CLASSIFICATION NUMBER
Classification number 910
100 ## - MAIN ENTRY--PERSONAL NAME
Personal name Majid Husain
245 ## - TITLE STATEMENT
Title Terms and concepts of geography /
Statement of responsibility, etc by Majid Husain
260 ## - PUBLICATION, DISTRIBUTION, ETC. (IMPRINT)
Place of publication, distribution, etc New Delhi
Name of publisher, distributor, etc McGraw Hill Education
Date of publication, distribution, etc 2016
270 ## - ADDRESS
Address P-24, Green Park Extension
City New Delhi
Postal code 110016
300 ## - PHYSICAL DESCRIPTION
Extent various pagings :
Other physical details ill.,maps
Dimensions 23cm(pbk)
500 ## - GENERAL NOTE
General note Includes bibliographical references
942 ## - ADDED ENTRY ELEMENTS (KOHA)
Source of classification or shelving scheme Dewey Decimal Classification
Item type English Books
Call number suffix MAJ
Classification part 910
Holdings
Withdrawn status Lost status Not for loan Collection code Home library Current library Date acquired Source of acquisition Cost, normal purchase price Full call number Barcode Copy number Cost, replacement price Koha item type
    Not For Loan Non-fiction D.B.Act.Division Bawana 19/05/2016 DBAD/PUB 395.00 910 MAJ EN-98647 1 395.00 English Books

© Delhi Public Library
Hit Counter
free hit counter